000 00428nmm a2200157Ia 4500
008 251105s9999||||xx |||||||||||||||||und||
020 _a9789876990141
041 _aspa
100 _aKlein, Stefan
245 0 _aTiranía del tiempo
264 _a[Buenos Aires, Argentina] :
_bEduvim,
_c2013
300 _a212 páginas
650 _aOther narratives
856 _uhttps://public.digitaliapublishing.com/a/30558
942 _cCF
999 _c97567
_d97567